000 00985nam a2200253 i 4500
001 bg
100 1 _aDURAJ, Małgorzata
245 1 0 _aWłasności magnetyczne związków Sm~(1~(-~(x R~(x Mn~(2 Ge~(2 (R=Y, Nd, Gd) /
_cMałgorzata Duraj.
260 _aKraków :
_bPK,
_c1997.
300 _a86, [1] s. :
_brys., wykr. ;
_c24 cm.
490 1 _aMonografia / Politechnika Krakowska im. Tadeusza Kościuszki. Podstawowe Nauki Techniczne,
_x0860-097X ;
_v213
500 _aNazwa wydawcy w cop.
504 _aBibliogr. s. 74-77. - Rés., summ.
650 9 _aFerromagnetyki
_xbadanie
_xmetody
650 9 _aMangan
_xzwiązki
_xbadanie
_xmetody
650 9 _aRentgenografia
_xstosowanie
650 9 _aZiemie rzadkie
_xzwiązki
_xbadanie
830 0 _aMonografia (Politechnika Krakowska im. Tadeusza Kościuszki).
_pPodstawowe Nauki Techniczne
040 _cBPK
041 0 _apl
_benfr
080 _a546.3/.9:537.8:621.318+621.38
942 _cKS
008 s pl f |000 0 pol
999 _c31835
_d31835
856 _uhttp://koha.tu.koszalin.pl/cgi-bin/koha/opac-detail.pl?biblionumber=31835
_yKatalog online BPK